Normal view
MARC view
Entry Personal Name
001 - CONTROL NUMBER
- control field: 24929
003 - CONTROL NUMBER IDENTIFIER
- control field: OSt
005 - DATE AND TIME OF LATEST TRANSACTION
- control field: 20230601091635.0
008 - FIXED-LENGTH DATA ELEMENTS
- fixed length control field: 230601|| aca||aabn | a|a d
040 ## - CATALOGING SOURCE
- Original cataloging agency: OSt
- Transcribing agency: OSt
100 ## - HEADING--PERSONAL NAME
- Personal name: သႅင်မိူင်းၵုတ်ႈ။
670 ## - SOURCE DATA FOUND
- Source citation: Work cat.: (OSt): သႅင်မိူင်းၵုတ်ႈ။, လုၵ်ႈပႂ်ႉမႄႈမိူင်းတႆး /, 2018 ။